Statistiques concernant Groupes de choses - Pokémon #1

Cliquez ici pour prendre le quiz!

Statistiques générales

  • Ce quiz a été pris 1 444 fois
    (1 004 depuis la dernière actualisation)
  • Le résultat moyen est 42 sur 63

Statistiques - réponses

Réponses% Correct
Régions principalesKanto
96%
Types (première génération)Eau
95%
Types (première génération)Feu
95%
Types (première génération)Plante
94%
Consoles ayant accueilli un
jeu de la série principale
Nintendo DS
91%
Types (première génération)Psy
91%
Types (première génération)Electrik
90%
Types (première génération)Normal
90%
Consoles ayant accueilli un
jeu de la série principale
Nintendo Switch
89%
Types (première génération)Sol
89%
Types (première génération)Vol
89%
Consoles ayant accueilli un
jeu de la série principale
Game Boy
88%
Types (première génération)Roche
87%
Types (première génération)Combat
86%
Jeux de quatrième générationDiamant
86%
Types (première génération)Dragon
86%
Régions principalesJohto
86%
Jeux de quatrième générationPerle
86%
Régions principalesAlola
85%
Consoles ayant accueilli un
jeu de la série principale
Nintendo 3DS
85%
Types (première génération)Spectre
85%
Starter de deuxième générationHéricendre
84%
Types (première génération)Glace
83%
Types (première génération)Insecte
83%
Starter de deuxième générationKaiminus
83%
Types (première génération)Poison
82%
Jeux de quatrième générationPlatine
81%
Régions principalesSinnoh
81%
Starter de deuxième générationGermignon
80%
Champions de KantoPierre
80%
Régions principalesHoenn
79%
Pokémon Gardiens des LacsCréfadet
76%
Pokémon Gardiens des LacsCréfollet
76%
Régions principalesUnys
76%
Pokémon Gardiens des LacsCréhelf
75%
Champions de KantoOndine
74%
Consoles ayant accueilli un
jeu de la série principale
Game Boy Advance
72%
Consoles ayant accueilli un
jeu de la série principale
Game Boy Color
72%
Régions principalesKalos
70%
Régions principalesGalar
69%
Jeux de quatrième générationArgent SoulSilver
63%
Champions de KantoGiovanni/Blue
63%
Jeux de quatrième générationOr HeartGold
63%
Régions principalesPaldea
63%
Champions de KantoMajor Bob
57%
Champions de KantoKoga/Jeannine
43%
Champions de KantoAuguste
42%
Champions de KantoErika
39%
Champions de KantoMorgane
38%
Bâtiments de la Zone de CombatTour
38%
Champions d'OgoesseRachid
36%
Iles d'AlolaMele-Mele
33%
Iles d'AlolaPoni
31%
Iles d'AlolaAkala
30%
Champions d'OgoesseNoa
30%
Iles d'AlolaUla-Ula
28%
Champions d'OgoesseArmando
25%
Bâtiments de la Zone de CombatUsine
20%
Bâtiments de la Zone de CombatPyramide
16%
Bâtiments de la Zone de CombatDojo
13%
Bâtiments de la Zone de CombatDôme
13%
Bâtiments de la Zone de CombatPalace
12%
Bâtiments de la Zone de CombatReptile
10%

Distribution des résultats

Percentile par nombre de réponses

% des personnes avec chaque résultat

Votre développement - résultats

Vous n’avez pas pris ce quiz depuis la dernière actualisation